Desarrumar (Registo nº 1218)
[ vista simples ]
| 000 -Etiqueta do registo | |
|---|---|
| Cabeçalho | 00740nam0a2200289 4500 |
| 005 - Identificador da versão | |
| Campo de controlo | 20240813121829.0 |
| 010 ## - Número internacional normalizado dos livros (ISBN) | |
| Número (ISBN) | 9789895577118 |
| 021 ## - Número do Depósito Legal | |
| Código do país | PT |
| Número | 304 547/10 |
| 100 ## - Dados gerais de processamento | |
| Dados gerais de processamento | 20110104d2010 c y0pory5003 ba |
| 102 ## - Pais de publicação ou produção | |
| País de publicação | Portugal |
| 101 0# - Língua de publicação | |
| Língua do texto, banda sonora, etc. | Português |
| Língua do documento no original | Português |
| 106 ## - Campo de dados codificados: material textual | |
| Dados codificados do material textual | r |
| 105 ## - Campo de dados codificados: livros | |
| Dados codificados dos livros | a z 001yy |
| 215 ## - Descrição física | |
| Indicação específica da natureza do documento e extensão da espécie | 50 p |
| Outras indicações físicas | il. |
| 200 1# - Titulo e menção de responsabilidade | |
| Título próprio | Desarrumar |
| Primeira menção de responsabilidade | Margarida Fonseca Santos |
| Outras menções de responsabilidade | il. Inês do Carmo |
| 225 2# - Colecção | |
| Título próprio da colecção | Brincar com... |
| 205 ## - Menção da edição | |
| Menção da edição | 1a ed. |
| 210 ## - Publicação, Distribuição, etc. | |
| Lugar da edição, distribuição, etc. | Lisboa |
| Nome do editor, distribuidor, etc. | Gailivro |
| Data da publicação, distribuição, etc. | 2010 |
| 304 ## - Notas relativas a título e menção de responsabilidade | |
| Texto da nota | Tít. orig.: |
| 675 ## - Classificação Decimal Universal (CDU) | |
| Notação | 821.134.3-34 |
| Edição | BN |
| Língua da edição | por |
| 701 #0 - Nome de autor-pessoa física (co-responsabilidade principal) | |
| Palavra de ordem | Carmo |
| Outra parte do nome não tomada para palavra de ordem | Inês |
| Código de função | Ilustrador / Técnico de desenho computorizado |
| 700 #1 - Nome de autor-pessoa física (responsabilidade principal) | |
| Número de registo de entrada de autoridade | 0001037 |
| Palavra de ordem | Santos |
| Outra parte do nome não tomada para palavra de ordem | Margarida Fonseca |
| 942 ## - Elementos de entrada adicionados (Koha) | |
| Tipo de item no Koha | Livro |
| Situação do levantamento | Origin of item (home branch) (coded) | Biblioteca de empréstimo | Código de barras | Cota | Circulation type (not for loan) | Tipo de documento | Nota do exemplar | Damaged status |
|---|---|---|---|---|---|---|---|---|
| Biblioteca Escolar Eng. Nuno Mergulhão | Biblioteca Escolar Eng. Nuno Mergulhão | BENM2417 | 8POR SAN | Livro | Sem mensagem |
